The use of microcomputers in documentation and information centres in Africa (Record no. 78600)
[ view plain ]
| 000 -LEADER | |
|---|---|
| fixed length control field | 01288nam a2200217 a 4500 |
| 008 - FIXED-LENGTH DATA ELEMENTS--GENERAL INFORMATION | |
| fixed length control field | 100304s1990 ||||||||||||||||| || u |
| 050 ## - LIBRARY OF CONGRESS CALL NUMBER | |
| Classification number | UN-ECA(01) |
| 110 ## - MAIN ENTRY--CORPORATE NAME | |
| Corporate name or jurisdiction name as entry element | United Nations Economic Commission For Africa(UNECA) |
| 245 14 - TITLE STATEMENT | |
| Title | The use of microcomputers in documentation and information centres in Africa |
| Statement of responsibility, etc. | by United Nations Economic Commission for Africa (UN-ECA) |
| 260 ## - PUBLICATION, DISTRIBUTION, ETC. | |
| Place of publication, distribution, etc. | Addis Ababa : |
| Name of publisher, distributor, etc. | UNITED NATIONS ECONOMIC COMMISSION FOR AFRICA(UNECA) |
| Date of publication, distribution, etc. | 1990 |
| 300 ## - PHYSICAL DESCRIPTION | |
| Extent | 28p. |
| 350 ## - | |
| -- | 0.00 |
| 500 ## - GENERAL NOTE | |
| General note | Sixth session of the Joint Conference of African planners, statisticians and demographers |
| 650 ## - SUBJECT ADDED ENTRY--TOPICAL TERM | |
| Topical term or geographic name entry element | MICROCOMPUTERS |
| 650 ## - SUBJECT ADDED ENTRY--TOPICAL TERM | |
| Topical term or geographic name entry element | PADIS (INFORMATION RETRIEVAL SYSTEMS) |
| 650 ## - SUBJECT ADDED ENTRY--TOPICAL TERM | |
| Topical term or geographic name entry element | MICROCOMPUTER--LIBRARY APPLICATIONS |
| 650 ## - SUBJECT ADDED ENTRY--TOPICAL TERM | |
| Topical term or geographic name entry element | INFORMATION TECHNOLOGY |
| 995 ## - | |
| -- | SPECIAL COLLECTIONS |
| -- | 0.00 |
| -- | 03006133 |
| -- | CBU-MAIN LIBRARY (Kitwe) |
| -- | 1 |
| -- | 0.00 |
| -- | UN-ECA(01)1990/ 1B |
| -- | 2 |
| -- | AVAILABLE |
| -- | Jan 27, 2011 |
| -- | 03006133 |
| -- | International Publications |
| 995 ## - | |
| -- | SPECIAL COLLECTIONS |
| -- | 0.00 |
| -- | 03006132 |
| -- | CBU-MAIN LIBRARY (Kitwe) |
| -- | 1 |
| -- | 0.00 |
| -- | UN-ECA(01)1990/ 1C |
| -- | 3 |
| -- | AVAILABLE |
| -- | Jan 27, 2011 |
| -- | 03006132 |
| -- | International Publications |
| 995 ## - | |
| -- | SPECIAL COLLECTIONS |
| -- | 0.00 |
| -- | 03006004 |
| -- | CBU-MAIN LIBRARY (Kitwe) |
| -- | 1 |
| -- | 0.00 |
| -- | UN-ECA(01)1990/ 1A |
| -- | 1 |
| -- | AVAILABLE |
| -- | Mar 4, 2010 |
| -- | 03006004 |
| -- | International Publications |
| 999 ## - | |
| -- | 78600 |
| -- | 78600 |
| Withdrawn status | Lost status | Source of classification or shelving scheme | Damaged status | Not for loan | Permanent Location | Current Location | Shelving location | Date acquired | Total Checkouts | Full call number | Barcode | Date last seen | Copy number | Price effective from | Koha item type |
|---|---|---|---|---|---|---|---|---|---|---|---|---|---|---|---|
| CBU-MAIN LIBRARY, KITWE. | CBU-MAIN LIBRARY, KITWE. | 05/17/2023 | UN-ECA(01)1990/1B | 03006133 | 05/17/2023 | 1 | 05/17/2023 | SPECIAL COLLECTION | |||||||
| CBU-MAIN LIBRARY, KITWE. | CBU-MAIN LIBRARY, KITWE. | 05/17/2023 | UN-ECA(01)1990/1C | 03006132 | 05/17/2023 | 2 | 05/17/2023 | SPECIAL COLLECTION | |||||||
| CBU-MAIN LIBRARY, KITWE. | CBU-MAIN LIBRARY, KITWE. | 05/17/2023 | UN-ECA(01)1990/1A | 03006004 | 05/17/2023 | 3 | 05/17/2023 | SPECIAL COLLECTION |